القضاء الإداري. (Record no. 22192)
[ view plain ]
| 000 -الفاتح | |
|---|---|
| حقل البيانات ثابتة الطول | 01285nam a22002895a 4500 |
| 003 - محدد رقم الضبط | |
| رقم الضبط | OSt |
| 005 - وقت وتاريخ اخر تعامل مع التسجيلة | |
| رقم الضبط | 20160925130135.0 |
| 008 - عناصر البيانات ثابتة الطول - معلومات عامة | |
| حقل البيانات ثابتة الطول | 160822s2013 ua frb 000 0 ara d |
| 015 ## - | |
| -- | 2012/8957 |
| 020 ## - الرقم الدولى المعيارى للكتب | |
| الرقم الدولى المعيارى للكتاب | 9771027867 |
| 040 ## - مصدر الفهرسة | |
| وكالة الفهرسة الأصلية | EG-ScBUE |
| لغة الفهرسة | ara |
| وكالة النسخ | EG-ScBUE |
| 043 ## - رمز المنطقة الجغرافية | |
| رمز المنطقة الجغرافية | f-ua--- |
| 082 04 - رقم تصنيف ديوى العشرى | |
| رقم التصنيف | 342.6206 |
| رقم المادة | ط م ا |
| رقم الطبعة | 22 |
| 100 1# - المدخل الرئيسى - إسم شخصى | |
| 9 (RLIN) | 40566 |
| الإسم الشخصى | طماوي، سليمان محمد. |
| 245 14 - بيان العنوان | |
| العنوان | القضاء الإداري. |
| رقم الجزء/قسم العمل | الكتاب الثاني، |
| اسم جزء/قسم العمل | قضاء التعويض وطرق الطعن في الأحكام : دراسة مقارنة / |
| بيان المسئوليه,etc | سليمان محمد الطماوي ؛ تنقيح عبد الناصر أبو سمهدانة، حسين إبراهيم خليل. |
| 250 ## - بيان الطبعة | |
| بيان الطبعة | ط، مزيدة ومنقحة. |
| 260 ## - PUBLICATION, DISTRIBUTION, ETC. (IMPRINT) | |
| مكان الناشر او الموزع | القاهرة : |
| اسم الناشر او الموزع | دار الفكر العربي، |
| تاريخ النشر أو التوزيع | 2013. |
| 300 ## - الوصف المادى | |
| التعداد | مج. 2. (1116 ص.) ؛ |
| أبعاد الوعاء | 24 سم. |
| 504 ## - تبصرة ببليوجرافية | |
| تبصرة ببليوجرافية,الخ | يشتمل على إرجاعات ببليوجرافية. |
| 650 #7 - المدخل الاضافى بالموضوع-مصطلح موضوعى | |
| مصطلح موضوعي أو اسم جغرافي كعنصر مدخل | قضاء التعويض |
| التقسيم الفرعي الجغرافي | مصر. |
| مصدر الرأس أو المصطلح | BUEsh |
| 9 (RLIN) | 40794 |
| 650 #7 - المدخل الاضافى بالموضوع-مصطلح موضوعى | |
| مصطلح موضوعي أو اسم جغرافي كعنصر مدخل | القضاء الإداري |
| التقسيم الفرعي الجغرافي | مصر. |
| مصدر الرأس أو المصطلح | BUEsh |
| 9 (RLIN) | 40633 |
| 651 ## - المدخل الاضافى بالموضوع - اسم جغرافى | |
| مصدر الرأس أو المصطلح | BUEsh |
| 653 ## - مصطلح تكشيفى غير مقيد | |
| Resource For college | Law |
| Arrived date list | August 2016 |
| 700 1# - المدخل الاضافى - اسم شخصى | |
| الإسم الشخصى | أبو سمهدانة، عبد الناصر عبد الله، |
| الدور | منقح. |
| 9 (RLIN) | 40574 |
| 700 1# - المدخل الاضافى - اسم شخصى | |
| الإسم الشخصى | خليل، حسين إبراهيم، |
| الدور | منقح. |
| 9 (RLIN) | 40575 |
| 942 ## - عناصر المدخل الإضافي( كوها) | |
| مصدر التصنيف او مخطط الترفيف | Dewey Decimal Classification |
| حالة التراجع | حالة الفقد | مصدر التصنيف او خطة الترفيف | حالة تلف | ليس للاعارة | مجموعات كوها | المكان الدائم | المكان الحالي | موقع الترفيف | تاريخ الاكتساب | Source of acquisition | سعر الشراء الطبيعي | تعداد مسلسل / التسلسل الزمني | رقم الاستدعاء | الباركود | Date last seen | مُعار | التكلفة | نوع الوعاء | Date last checked out |
|---|---|---|---|---|---|---|---|---|---|---|---|---|---|---|---|---|---|---|---|
| Dewey Decimal Classification | دار الفكر العربي | Central Library | Central Library | First floor | 22/08/2016 | Purchase | 360.00 | 15884 | 342.6206 ط م ا | 000033285 | 22/11/2025 | 27/02/2024 | 450.00 | Book - Borrowing | |||||
| Dewey Decimal Classification | دار الفكر العربي | Central Library | Central Library | First floor | 22/08/2016 | Purchase | 360.00 | 15884 | 342.6206 ط م ا | 000033315 | 22/09/2024 | 22/09/2024 | 450.00 | Book - Borrowing | 22/10/2024 |